Change and choice the development of private universities in Nigeria
Guardat en:
| Autor principal: | |
|---|---|
| Format: | Llibre |
| Idioma: | anglès |
| Publicat: |
Rawel Fortune Resources
2009
|
| Etiquetes: |
Afegir etiqueta
Sense etiquetes, Sigues el primer a etiquetar aquest registre!
|
MARC
| LEADER | 00000nam a22000007a 4500 | ||
|---|---|---|---|
| 008 | 210125b ||||| |||| 00| 0 eng d | ||
| 020 | |a 978-2120-97-9 | ||
| 100 | |a OSAGIE, Anthony U. | ||
| 245 | |a Change and choice |b the development of private universities in Nigeria |c Anthony, U. Osagie |g xii; 206p | ||
| 260 | |b Rawel Fortune Resources |c 2009 |d Books |h Benin City Nigeria: |i 687237 |l LG481.1527 .Os1 |m Private universities and colleges – Nigeria – History | ||
| 500 | |a “It includes index” | ||
| 942 | |a lcc |c BK |e Adekanye I. H. |f 25/01/2021 | ||
| 952 | |0 0 |1 0 |2 lcc |4 0 |6 LG04811527 O S1 |7 0 |9 1675 |a HOL |b HOL |c LP |d 2021-01-25 |l 0 |o LG481.1527 .Os1 |p 2021-0459 |r 2021-01-25 00:00:00 |w 2021-01-25 |y BK | ||
| 999 | |c 890 |d 890 | ||